01011nam a22002537a 4500999001700000003000400017005001700021008004100038040001900079082001900098110006300117245017800180260008100358300002100439650003000460650002800490650003300518710004400551901001000595902001100605903001300616942001200629952011600641 c11427d11427OSt20260622100032.0180716b2017 ua ||||fr|||| 00| 0 eng d aEG-INPcEG-INP04221a338.9bi n2 aMinistry of planning monitoring and administrative reform.10ainternal working paper to study for mid-term-plan : bhigher education / cMinistry of planning monitoring and administrative reform, Japan international cooperation agency. acairo : bMinistry of planning monitoring and administrative reform, c2017. a72 p. ; c29 cm. 0aEconomic conditions.9927 0aEconomic planning.9900 0aeconomical development.99652 aJapan international cooperation agency. aEGPV4 aEGPV30 aoriginal 2ddccBK 00102ddc40708en_BookaINPbINPcMAINd2018-07-16l0o338.9 i np011141r2022-03-28 00:00:00w2018-07-16yBK